000 00541nam a2200193Ia 4500
005 20240823035737.0
008 240823s9999||||xx |||||||||||||| ||und||
020 _a978-0-07-174042-5
041 _aENGLISH
082 _A005.8 Q1
100 _aJoel Scambray etal
245 0 _aHacking Exposed Web Applications:Web Application Security Secrets and Solutions
250 _a3rd
260 _c2011
_b"Tata Mcgraw Hill,New"
500 _aTRANSFERED
650 _aSecurity Secrets
_bInformation Technology
942 _cBK
999 _c201414
_d201414